Turbo C++ for Windows Inside&Out: A gift of Sabre Foundatijn, USA, Not for resale

Xehetasun bibliografikoak
Egile nagusia: Schildt Herbert
Gaia:Исключено из фонда НТБ ТПУ
Hizkuntza:ingelesa
Argitaratua: New York, McGraw-Hill, 1992
Formatua: Liburua
KOHA link:https://koha.lib.tpu.ru/cgi-bin/koha/opac-detail.pl?biblionumber=28493

MARC

LEADER 00000nam0a2200000 4500
001 28493
005 20231030202842.0
010 |a 0078817781 
035 |a (RuTPU)RU\TPU\book\28749 
035 |a BOOK00028824 
090 |a 28493 
100 |a 20011209d1992 u y0engy50 ba 
101 0 |a eng 
102 |a XX 
105 |a  000|y 
200 1 |a Turbo C++ for Windows Inside&Out  |e A gift of Sabre Foundatijn, USA, Not for resale  |f H. Schildt 
210 |a New York  |c McGraw-Hill  |d 1992 
215 |a 334 p. 
333 |a Исключено из фонда НТБ ТПУ 
700 1 |a Schildt  |g Herbert 
801 0 |a XX  |b 63413507  |c 20011209  |g PSBO 
801 2 |a RU  |b 63413507  |c 20170309  |g RCR 
942 |c BK